[Event "Challenge"]
[Site "http://www.queenalice.com/game.php?id=634402"]
[Date "2009.8.11"]
[Round "-"]
[White "RobynM"]
[Black "burnthepoliticians"]
[Result "0-1"]
[WhiteElo "1461"]
[BlackElo "1491"]

1. e4 d5 2. Nc3 Nf6 3. exd5 Nxd5 4. Bc4 Be6 5. Nxd5 Bxd5 6. Bxd5 Qxd5 7. Qf3
Qxf3 8. Nxf3 Nc6 9. O-O e5 10. Re1 Bd6 11. d4 f6 12. dxe5 Bxe5 13. Nxe5 Nxe5 14.
Bf4 O-O-O 15. Bxe5 fxe5 16. Rxe5 Rd2 17. Ra5 Rxc2 18. Rxa7 Kb8 19. Ra5 Rxb2 20.
g3 c6 21. Re5 Rd8 22. Kg2 Rdd2 23. Re7 Rxf2+ 24. Kh3 Rxh2+ 25. Kg4 Rxa2 26. Rxa2
Rxa2 27. Rxg7 Ra4+ 28. Kh3 b5 29. Rxh7 b4 30. Rh6 Ra6 31. Rf6 b3 32. Kh2 b2 33.
Rf1 Ra1 0-1

[Event "Challenge"]
[Site "http://www.queenalice.com/game.php?id=653914"]
[Date "2009.9.17"]
[Round "-"]
[White "burnthepoliticians"]
[Black "RobynM"]
[Result "1-0"]
[WhiteElo "1533"]
[BlackElo "1368"]

1. e4 e5 2. Nf3 Nf6 3. Bc4 Nc6 4. Ng5 d5 5. exd5 Nxd5 6. Nxf7 Kxf7 7. Qf3+ Ke6
8. Nc3 Ne7 9. O-O c6 10. Re1 Qd6 11. d4 b5 12. Bb3 Ba6 13. Bf4 Kd7 14. Bxe5 Qb4
15. Nxd5 Qa5 16. Qg4+ Kd8 17. Bc7+ Qxc7 18. Nxc7 Kxc7 19. Rad1 g6 20. d5 cxd5
21. Bxd5 Rd8 22. Qf4+ Kb6 23. Qd4+ Kc7 24. Qc5+ Kd7 25. Bf7+ Nd5 26. Rxd5+ Bd6
27. Rxd6# 1-0

[Event "Challenge"]
[Site "http://www.queenalice.com/game.php?id=655517"]
[Date "2009.9.20"]
[Round "-"]
[White "RobynM"]
[Black "thedead"]
[Result "1/2-1/2"]
[WhiteElo "1321"]
[BlackElo "1389"]

1. e4 e5 2. Nf3 Nc6 3. Bc4 Be7 4. b3 d6 5. Bb2 Nf6 6. d3 Bg4 7. h3 Bd7 8. Nc3
O-O 9. O-O a6 10. a4 Qc8 11. Ng5 Bd8 12. Bxf7+ Rxf7 13. Nxf7 Kxf7 14. Qf3 Nd4
15. Qd1 g6 16. Nd5 Bxh3 17. Bxd4 Be6 18. Nxf6 Bxf6 19. Bb2 h5 20. d4 Qh8 21. c3
1/2-1/2

[Event "Challenge"]
[Site "http://www.queenalice.com/game.php?id=657409"]
[Date "2009.9.24"]
[Round "-"]
[White "RobynM"]
[Black "alxpborges"]
[Result "1-0"]
[WhiteElo "1524"]
[BlackElo "1196"]

1. e4 e5 2. Nf3 d6 3. Nc3 c6 4. d4 exd4 5. Nxd4 d5 6. Be2 dxe4 7. Nxe4 Bb4+ 8.
c3 c5 9. cxb4 cxd4 10. O-O Bf5 11. Bd3 Nf6 12. Re1 O-O 13. Nxf6+ Qxf6 14. Bxf5
Qxf5 15. Qxd4 Nc6 16. Qc3 Rfe8 17. Bd2 Rad8 18. Rxe8+ Rxe8 19. Qc5 Re5 20. Qc4
Re6 21. b5 Rf6 22. bxc6 1-0

[Event "Challenge"]
[Site "http://www.queenalice.com/game.php?id=657801"]
[Date "2009.9.25"]
[Round "-"]
[White "FeralPawn"]
[Black "RobynM"]
[Result "1-0"]
[WhiteElo "1952"]
[BlackElo "1372"]

1. e4 e5 2. d4 exd4 3. c3 d5 4. exd5 Qxd5 5. cxd4 Nc6 6. Nf3 Bg4 7. Nc3 Bb4 8.
Bd2 Bxc3 9. Bxc3 Nf6 10. Be2 O-O 11. O-O Rfe8 12. h3 Bh5 13. Ne5 Nxd4 14. Bxh5
Qxe5 15. Bxf7+ Kxf7 16. Bxd4 Qb5 17. Bc3 Ne4 18. Qf3+ Kg8 19. Rfe1 Nxc3 20. Qxc3
c5 21. a4 Rxe1+ 22. Rxe1 Qxa4 23. Qxc5 b6 24. Qd5+ 1-0

[Event "Challenge"]
[Site "http://www.queenalice.com/game.php?id=657866"]
[Date "2009.9.25"]
[Round "-"]
[White "galo4kid"]
[Black "RobynM"]
[Result "0-1"]
[WhiteElo "1632"]
[BlackElo "1405"]

1. e4 e5 2. d4 exd4 3. Qxd4 Nc6 4. Qd1 Nf6 5. e5 Nxe5 6. b3 d5 7. Bb2 Bb4+ 8.
Nd2 O-O 9. c3 Re8 10. Be2 Bc5 11. b4 Bb6 12. Bb5 c6 13. Ba4 Nfg4 14. Ne2 Bxf2+
15. Kf1 Ne3+ 16. Kxf2 Nxd1+ 17. Raxd1 Qf6+ 18. Ke3 Ng4+ 19. Kd3 Nf2+ 20. Kc2
Nxh1 21. Rf1 Nf2 22. Nd4 a6 23. N2f3 Bf5+ 24. Nxf5 Qxf5+ 25. Kb3 Nd3 26. Rd1 b5
27. Bxb5 axb5 28. Nd4 Qe4 29. g3 Nxb2 30. Kxb2 Qg2+ 31. Nc2 Qxh2 32. g4 Rec8 33.
a3 c5 34. Rxd5 cxb4 35. axb4 Qe2 36. g5 g6 37. Rd4 Rc4 38. Rd7 Rac8 0-1

[Event "R: 1 C: 2"]
[Site "http://www.queenalice.com/game.php?id=658235"]
[Date "2009.9.26"]
[Round "-"]
[White "RobynM"]
[Black "burnthepoliticians"]
[Result "1-0"]
[WhiteElo "1468"]
[BlackElo "1746"]

1. e4 c5 2. Nf3 g6 3. d4 cxd4 4. Nxd4 Nc6 5. c4 Bg7 6. Be3 Nf6 7. Nc3 O-O 8. Be2
d6 9. O-O Bd7 10. Qd2 Nxd4 11. Bxd4 Bc6 12. f3 a5 13. b3 Nd7 14. Be3 Nc5 15.
Rab1 Qb6 16. Rfc1 Rfc8 17. Rc2 Qd8 18. Bxc5 dxc5 19. Nd5 e6 20. Nf4 Qxd2 21.
Rxd2 Rd8 22. Rdd1 Rab8 23. a4 f5 24. Nxe6 Rxd1+ 25. Rxd1 Bf6 26. Kf1 g5 27. exf5
b6 28. g3 Rb7 29. Nd8 Bxd8 30. Rxd8+ Kg7 31. Kf2 Kf6 32. g4 h6 33. Ke3 Rd7 34.
Rxd7 Bxd7 35. f4 Bc8 36. fxg5+ hxg5 37. Kf3 Bb7+ 38. Kg3 Be4 39. Bd1 Ke5 40. h4
gxh4+ 41. Kxh4 Bxf5 42. gxf5 Kxf5 43. Bc2+ Ke5 44. Kg5 Kd6 45. Kf6 Kc7 46. Ke7
Kc6 47. Be4+ Kc7 48. Bf3 Kb8 49. Kd8 Ka7 50. Kc7 Ka6 51. Bb7+ Ka7 52. Bc8 Ka8
53. Kxb6 1-0

[Event "Challenge"]
[Site "http://www.queenalice.com/game.php?id=660076"]
[Date "2009.9.29"]
[Round "-"]
[White "galo4kid"]
[Black "RobynM"]
[Result "1-0"]
[WhiteElo "1756"]
[BlackElo "1530"]

1. e4 e5 2. Nf3 Nc6 3. b3 d6 4. Bc4 Be7 5. Nc3 Nf6 6. d3 O-O 7. Ng5 Bg4 8. f3
Bh5 9. g4 Bg6 10. h4 h5 11. Nd5 Nxd5 12. Bxd5 Bxg5 13. Bxg5 Qd7 14. c4 Nd4 15.
Bxb7 Rab8 16. Ba6 Qc6 17. Bb5 Nxb5 18. cxb5 Qxb5 19. gxh5 Qb4+ 20. Qd2 Qxd2+ 21.
Bxd2 Bxh5 22. Kf2 g6 23. Rag1 f6 24. f4 Kf7 25. f5 gxf5 26. exf5 Rg8 27. Bh6
Rxg1 28. Rxg1 Rg8 29. Rc1 c5 30. a3 Bg4 31. Rg1 Bxf5 32. Rxg8 Kxg8 33. Ke3 Be6
34. Kf3 Bxb3 35. Be3 Bc2 36. Ke2 Kf7 37. h5 f5 38. Bg5 e4 39. dxe4 fxe4 40. Ke3
d5 41. h6 d4+ 42. Kd2 d3 43. Ke3 Kg6 44. Bf4 c4 45. Kd2 Ba4 46. Be3 a6 47. Bf4
Bb5 48. Kc3 Bc6 49. Kxc4 Ba8 50. a4 Bc6 51. a5 Kh7 52. Kc3 Bb7 53. Kc4 Kg6 54.
Kc5 Kh7 55. Kb6 Bc8 56. Kc7 Bf5 57. Kb7 1-0

[Event "Challenge"]
[Site "http://www.queenalice.com/game.php?id=669465"]
[Date "2009.10.19"]
[Round "-"]
[White "bruhnomp3"]
[Black "RobynM"]
[Result "0-1"]
[WhiteElo "977"]
[BlackElo "1468"]

1. e4 e5 2. Qh5 Nc6 3. Bb5 Nf6 4. Qf3 Nd4 5. Qd3 Bc5 6. c3 Ng4 7. b4 Bb6 8. a4
Nb3 9. Ra3 Nxf2 10. Qg3 Nxh1 11. Qxg7 Rf8 12. Rxb3 Qh4+ 13. g3 Qxe4+ 0-1

[Event "Challenge"]
[Site "http://www.queenalice.com/game.php?id=682916"]
[Date "2009.11.14"]
[Round "-"]
[White "RobynM"]
[Black "agus2009"]
[Result "1-0"]
[WhiteElo "1517"]
[BlackElo "1433"]

1. e4 e5 2. Nf3 d5 3. exd5 e4 4. Ng5 Qxg5 5. d3 Qxd5 6. Nc3 Qe6 7. dxe4 Bb4 8.
f3 Nf6 9. Qd4 c5 10. Qd3 Nc6 11. Bf4 Nd4 12. O-O-O O-O 13. Kb1 Rd8 14. Nb5 1-0

[Event "Challenge"]
[Site "http://www.queenalice.com/game.php?id=682918"]
[Date "2009.11.14"]
[Round "-"]
[White "LukeKovacs"]
[Black "RobynM"]
[Result "0-1"]
[WhiteElo "1461"]
[BlackElo "1518"]

1. b3 e5 2. Bb2 Nc6 3. Nf3 d6 4. d4 Be7 5. dxe5 Bg4 6. exd6 Nf6 7. dxe7 Qxd1+ 8.
Kxd1 Nxe7 9. Ng5 O-O 10. Bxf6 gxf6 11. Ne4 f5 12. Nc5 b6 13. Nd7 Rfd8 14. g3
Rxd7+ 15. Ke1 c5 16. Bg2 Rad8 17. Nc3 Kg7 18. Nb5 Rd2 19. Nxa7 Bxe2 20. Rc1 Ba6
21. Bc6 Re2+ 22. Kf1 Rxc2+ 23. Kg2 Rxa2 24. Ra1 Rxa1 25. Rxa1 Bd3 26. Re1 Kf6
27. Bb7 b5 28. Ba6 c4 29. bxc4 bxc4 30. Ra1 c3 31. Bxd3 Rxd3 32. Ra6+ Ke5 33.
Nc6+ Nxc6 34. Rxc6 Kd4 35. Rc7 Rd2 36. Ra7 c2 37. Ra1 Rd1 38. Ra4+ Ke5 39. Ra5+
Kf6 40. Ra6+ Kg7 41. Rc6 c1=Q 42. Rxc1 Rxc1 43. h3 Kg6 44. f3 Rc2+ 45. Kf1 Kh5
46. g4+ Kg5 47. Ke1 fxg4 48. hxg4 Kf4 49. Kd1 Rh2 0-1

[Event "Challenge"]
[Site "http://www.queenalice.com/game.php?id=686728"]
[Date "2009.11.21"]
[Round "-"]
[White "thomas01"]
[Black "RobynM"]
[Result "1-0"]
[WhiteElo "1608"]
[BlackElo "1538"]

1. e4 e5 2. Nf3 Nc6 3. d3 Nf6 4. Bd2 g6 5. Be2 Bg7 6. c4 d6 7. O-O O-O 8. Bc3
Bg4 9. b4 Nd7 10. d4 Nxd4 11. Bxd4 exd4 12. Nxd4 Bxe2 13. Qxe2 Bxd4 14. Nd2 Bxa1
15. Rxa1 c5 16. b5 Re8 17. Qd3 Qf6 18. Re1 Ne5 19. Qg3 h5 20. f4 Ng4 21. Nf3 Qc3
22. e5 Qxc4 23. Ng5 Qxa2 24. h3 f6 25. hxg4 fxg5 26. f5 gxf5 27. gxh5 Qd2 28. h6
f4 29. Qxg5+ Kf7 30. Qf6+ 1-0

[Event "Challenge"]
[Site "http://www.queenalice.com/game.php?id=713736"]
[Date "2010.1.14"]
[Round "-"]
[White "RobynM"]
[Black "jjjcarvalho"]
[Result "0-1"]
[WhiteElo "1569"]
[BlackElo "1720"]

1. e4 c5 2. Nf3 d6 3. d4 cxd4 4. Nxd4 e5 5. Nf3 Nc6 6. Bd3 Be7 7. O-O Bg4 8. Nc3
a6 9. Be3 h5 10. Nd5 Bxf3 11. Qxf3 Nf6 12. Nxe7 Qxe7 13. c3 b5 14. b4 Ng4 15. a4
Nxe3 16. fxe3 bxa4 17. Rxa4 Qb7 18. Bc4 f6 19. b5 axb5 20. Rxa8+ Qxa8 21. Bxb5
Ke7 22. Qd1 g6 23. Bxc6 Qxc6 24. Qd3 Rc8 25. Rc1 f5 26. exf5 gxf5 27. h3 e4 28.
Qd4 Rg8 29. Kf2 h4 30. Ke2 Qb5+ 31. c4 Qb4 32. Rg1 Qb3 33. Qd5 Qc2+ 34. Qd2
Qxc4+ 35. Ke1 Rc8 36. Kf2 Qc2 37. Ke2 Qxd2+ 38. Kxd2 Ke6 39. Rc1 Rxc1 40. Kxc1
d5 41. Kd2 Ke5 0-1

[Event "Challenge"]
[Site "http://www.queenalice.com/game.php?id=733745"]
[Date "2010.2.18"]
[Round "-"]
[White "RobynM"]
[Black "LukeKovacs"]
[Result "1-0"]
[WhiteElo "1513"]
[BlackElo "1284"]

1. e4 e5 2. Nf3 Nc6 3. Bb5 Nb4 4. Nxe5 Nf6 5. d3 Bd6 6. Nf3 c6 7. Ba4 b5 8. Bb3
O-O 9. O-O Ng4 10. c3 Na6 11. c4 Nb4 12. a3 Na6 13. a4 Bb7 14. Nd4 c5 15. Qxg4
cxd4 16. Bh6 1-0

[Event "Challenge"]
[Site "http://www.queenalice.com/game.php?id=733746"]
[Date "2010.2.18"]
[Round "-"]
[White "RobynM"]
[Black "fernandobozons"]
[Result "0-1"]
[WhiteElo "1538"]
[BlackElo "1485"]

1. e4 e5 2. Nf3 Nc6 3. Bb5 Nd4 4. Nxd4 exd4 5. O-O c6 6. Ba4 b5 7. Bb3 Bb7 8. d3
Bd6 9. g3 Bc7 10. Qf3 Qe7 11. c3 c5 12. Bf4 Bxf4 13. Qxf4 Nh6 14. Nd2 O-O 15.
cxd4 cxd4 16. Rac1 Rac8 17. Nf3 a5 18. Nxd4 a4 19. Bc2 f5 20. Rfe1 fxe4 21. dxe4
Rxf4 22. Bb3+ axb3 23. gxf4 Rxc1 0-1

[Event "Challenge"]
[Site "http://www.queenalice.com/game.php?id=742066"]
[Date "2010.3.6"]
[Round "-"]
[White "Sonia"]
[Black "RobynM"]
[Result "0-1"]
[WhiteElo "1616"]
[BlackElo "1548"]

1. e4 e5 2. Nf3 Nc6 3. Bc4 Bc5 4. O-O Nf6 5. d3 O-O 6. c3 d5 7. Bb3 dxe4 8. Ng5
exd3 9. a3 Bg4 10. Bxf7+ Rxf7 11. Qb3 Qd7 12. Nd2 b6 13. Qxf7+ Qxf7 14. Nxf7
Kxf7 15. h3 Be2 16. Re1 e4 17. Kh2 Bxf2 18. Rh1 e3 19. b4 exd2 20. Bxd2 Ne4 21.
Bf4 Nxc3 22. Bd2 Ne4 23. Bf4 Rc8 24. Rhc1 Nd4 25. Rc4 c5 26. bxc5 bxc5 27. Ra4
Nc3 28. Rxa7+ Kg8 29. Rc1 Nc2 30. a4 Nd5 31. Bd2 Be3 32. Bxe3 Ndxe3 33. Rb1 d2
34. Rbb7 d1=Q 35. Rxg7+ Kf8 36. Raf7+ Ke8 37. Rxh7 Qd6+ 38. g3 Nf1+ 39. Rxf1
Bxf1 40. Rh8+ Kd7 41. Rh7+ Kc6 42. Ra7 Kd5 43. Rf7 Qe6 44. Rxf1 Qe2+ 45. Kg1 Ne3
0-1

[Event "Challenge"]
[Site "http://www.queenalice.com/game.php?id=745721"]
[Date "2010.3.13"]
[Round "-"]
[White "RobynM"]
[Black "thomas01"]
[Result "1-0"]
[WhiteElo "1544"]
[BlackElo "1233"]

1. e4 e5 2. Nf3 Qf6 3. Bc4 h6 4. O-O a6 5. d3 b5 6. Bd5 c6 7. Bb3 d6 8. a3 Qg6
9. Ba2 Bh3 10. Nh4 Qg4 11. Qxg4 Bxg4 12. h3 Be6 13. c4 Nf6 14. b4 d5 15. c5 a5
16. Nc3 Be7 17. Nf3 1-0

[Event "Challenge"]
[Site "http://www.queenalice.com/game.php?id=746561"]
[Date "2010.3.15"]
[Round "-"]
[White "fernandobozons"]
[Black "RobynM"]
[Result "0-1"]
[WhiteElo "1564"]
[BlackElo "1521"]

1. e4 e5 2. Nf3 Nc6 3. Nc3 Nf6 4. Bc4 Nxe4 5. Nxe4 d5 6. Bb5 dxe4 7. Nxe5 Qd5 8.
Bxc6+ bxc6 9. d4 c5 10. c4 Qxd4 11. Qa4+ Bd7 12. Nxd7 Qxd7 13. Qxd7+ Kxd7 14.
Bf4 Bd6 15. O-O-O Ke6 16. Rhe1 Bxf4+ 17. Kb1 f5 18. g3 Bg5 19. h4 Bf6 20. f3
Rab8 21. b3 Bc3 22. Re3 Bd4 23. Re2 Ke5 24. fxe4 fxe4 25. Rde1 e3 0-1

[Event "Challenge"]
[Site "http://www.queenalice.com/game.php?id=751517"]
[Date "2010.3.25"]
[Round "-"]
[White "RobynM"]
[Black "Lacey12"]
[Result "0-1"]
[WhiteElo "1542"]
[BlackElo "1753"]

1. e4 e5 2. Nf3 Nc6 3. Bb5 Nf6 4. O-O a6 5. Ba4 b5 6. Bb3 Bc5 7. d3 h6 8. Nc3
O-O 9. Bd5 Bb7 10. Qe2 Re8 11. a3 Nxd5 12. Nxd5 Nd4 13. Qd1 c6 14. Nxd4 Bxd4 15.
c3 cxd5 16. cxd4 exd4 17. Qg4 Kh8 18. b4 dxe4 19. dxe4 Rxe4 20. Qg3 Rc8 21. Rd1
Rc2 22. Bf4 Qf6 0-1

[Event "Challenge"]
[Site "http://www.queenalice.com/game.php?id=753369"]
[Date "2010.3.29"]
[Round "-"]
[White "Capablanca44"]
[Black "RobynM"]
[Result "1-0"]
[WhiteElo "1920"]
[BlackElo "1534"]

1. d4 e5 2. dxe5 Nc6 3. Nf3 Qe7 4. e3 Nxe5 5. Nbd2 g6 6. Be2 Bg7 7. c3 Qd6 8.
Qc2 Ne7 9. O-O O-O 10. b3 b6 11. Bb2 Bb7 12. Rad1 Nd5 13. Nc4 Qe7 14. Ncxe5 Bxe5
15. Nxe5 Qxe5 16. Qd2 Nf6 17. c4 1-0

[Event "Challenge"]
[Site "http://www.queenalice.com/game.php?id=774079"]
[Date "2010.5.11"]
[Round "-"]
[White "RobynM"]
[Black "Sonia"]
[Result "0-1"]
[WhiteElo "1558"]
[BlackElo "1551"]

1. e4 e5 2. Nf3 Nc6 3. Bb5 d6 4. d4 Bd7 5. Nc3 h6 6. Bxc6 Bxc6 7. d5 Bd7 8. O-O
Nf6 9. b3 Be7 10. Bb2 O-O 0-1